| 000 | 01123nam a2200361 i 4500 | ||
|---|---|---|---|
| 001 | 24349 | ||
| 003 | KOSZ 005 | ||
| 005 | 20200416142240.0 | ||
| 008 | s1993 xxk f |000 0 eng | ||
| 020 | _a0194316335 | ||
| 040 |
_aKOSZ 005 _cKOSZ 005 _dKOSZ 005/AR |
||
| 041 | 0 | _aen | |
| 080 | _a811.111 | ||
| 080 | _a(07) | ||
| 100 | 1 |
_aHughes, Glyn S. _eAutor |
|
| 245 | 1 | 0 |
_aA handbook of classroom English / _cGlyn S. Hughes. |
| 250 | _a[1st published, 8th impress]. | ||
| 260 |
_aOxford [i inne] : _bOxford University Press, _c1993. |
||
| 300 |
_a224 s. : _bilustracje ; _c22 cm. |
||
| 336 |
_aTekst _btxt _2rdacontent |
||
| 337 |
_aBez urządzenia pośredniczącego _bn _2rdamedia |
||
| 338 |
_aWolumin _bnc _2rdacarrier |
||
| 380 | _aKsiążki | ||
| 388 | _a1901-2000 | ||
| 388 | _a1989-2000 | ||
| 504 | _aIndeks. | ||
| 650 | 9 | _aJęzyk angielski | |
| 655 | _aPodręcznik | ||
| 658 | _aJęzykoznawstwo | ||
| 710 | _aOxford University Press | ||
| 856 |
_uhttp://koha.tu.koszalin.pl/cgi-bin/koha/opac-detail.pl?biblionumber=24349 _yKatalog online BPK |
||
| 942 |
_cKS _2UKD |
||
| 999 |
_c24349 _d24349 |
||